One Piece - Character Elimination (Hard) - Statistics

General Stats
  • This quiz has been taken 56 times
  • The average score is 21 of 36
Answer Stats
Name a character, that... # of characters Answer % Correct
Character 1 ...is a (former) pirate with a World Government-issued Bounty of over 300 million Berry 54
98%
Character 1 ...but below 1 billion Berry 31
85%
Character 2 ...has Conqueror’s Haki 28
78%
Character 2 ...is confirmed to be still alive 17
78%
Character 1 ...who is not a member of the strawhat crew 26
75%
Character 2 ...does not have bounty over 3 billion 14
75%
Character 4 ...has been imprisoned at Impel Down 35
73%
Character 4 ...at a level that has been revealed 26
73%
Character 4 ...has been sentenced to level 5 or lower 20
73%
Character 4 ...has escaped Impel Down 13
73%
Character 3 ...is a current member of the marines with a confirmed rank… 69
70%
Character 5 ...is part of a non-human race… 230
70%
Character 3 ...lower than Admiral 65
68%
Character 3 ...has no devil fruit 40
68%
Character 5 ...who is part fish-men or merfolk 79
68%
Character 6 ...was a subordinate to Whitebeard, 89
68%
Character 6 ...was a member of the Whitebeard Pirates, 48
68%
Character 5 ...is not a (former) pirate 41
65%
Character 6 ...was a division commander, 17
65%
Character 1 ...is not part of the Worst Generation 22
63%
Character 2 ...is neither part, nor an ally of the Strawhat Pirates 7
63%
Character 5 ...has a named relative 20
60%
Character 5 ...is still alive 17
60%
Character 6 …is confirmed to have died, 4
60%
Character 1 ...was never the captain/leader of a crew 13
43%
Character 2 ...is not a (former) pirate 5
43%
Character 4 ...did not escape alongside Luffy or Blackbeard 2
43%
Character 1 ...and is a woman. 3 Charlotte Smoothie | Ulti | Black Maria
40%
Character 6 ...was never part of another crew 2
38%
Character 6 ...and is not from Wano. 1 Thatch
38%
Character 2 ...and is not a celestial dragon. 1 Sengoku
33%
Character 3 ...first appeared in the anime after the time-skip, 16
30%
Character 3 …currently holds the rank of Vice Admiral 11
25%
Character 5 ...is 10 years old or younger. 6 Ichika | Nika | Sanka | Yonka | Yonka Two | Chimney
23%
Character 4 ...and escaped before the Great Pirate Era started. 1 Morley
23%
Character 3 ...and did not participate in the Buster Call on Egghead. 4 Maynard | Gion (Momousagi / Pink Rabbit) | Tokikake (Chiton / Brown Pig) | Hototogisu
20%
No matching quizzes found
Score Distribution
Percent of People with Each Score
Percentile by Number Answered
Your Score History
You have not taken this quiz